000 00518cam a22002171 4500
001 sa 68000079
003 DLC
005 20260227112420.0
008 881102s1967 xx 000 0 hinr
010 _asa 68000079
035 _a(OCoLC)23538655
040 _aDLC
_cMiU
_dDLC
042 _apremarc
050 0 0 _aPK1931
_b.V26
100 1 _aVarannikov, P. A.
245 1 0 _aBhāshā aur sāhitya.
260 _a[n.p.
_c1967]
300 _a16, 160 p.
_c22 cm.
500 _aRomanized.
650 0 _aHindi philology
999 _c76926
_d76926